L'Imperatrice Eugenie / (Record no. 27551)

MARC details
000 -LEADER
campo de control de longitud fija 00577nam a2200193 i 4500
001 - NÚMERO DE CONTROL
campo de control 27551
003 - IDENTIFICADOR DE NÚMERO DE CONTROL
campo de control ES-MaACL
005 - FECHA Y HORA DE LA ÚLTIMA TRANSACCIÓN
campo de control 20240318120255.0
007 - CAMPO FIJO DE DESCRIPCIÓN FÍSICA--INFORMACIÓN GENERAL
campo de control de longitud fija t|
008 - DATOS DE LONGITUD FIJA--INFORMACIÓN GENERAL
campo de control de longitud fija 030115s1931 fr |||| |bfre d
080 ## - NÚMERO DE LA CLASIFICACIÓN DECIMAL UNIVERSAL
Número de la Clasificación Decimal Universal 929 Montijo, Eugenia de
100 0# - ENTRADA PRINCIPAL--NOMBRE DE PERSONA
Nombre de persona Aubry, Octave.
Fechas asociadas al nombre 1881-1946
9 (RLIN) 23828
245 12 - MENCIÓN DEL TÍTULO
Título L'Imperatrice Eugenie /
Mención de responsabilidad, etc. Octave Aubry.
260 ## - PUBLICACIÓN, DISTRIBUCIÓN, ETC.
Lugar de publicación, distribución, etc. Paris :
Nombre del editor, distribuidor, etc. Artheme Fayard,
Fecha de publicación, distribución, etc. 1931.
300 ## - DESCRIPCIÓN FÍSICA
Extensión 443 p. ;
Dimensiones 19 cm.
600 04 - PUNTO DE ACCESO ADICIONAL DE MATERIA--NOMBRE DE PERSONA
Nombre de persona Eugenia
Títulos y otros términos asociados al nombre Emperatriz consorte de Napoleón III, Emperador de Francia.
9 (RLIN) 48322
852 ## - LOCALIZACIÓN
Ubicación ES-MaACL
Número de control de estantería A-1713
Holdings
Estatus retirado Estado de pérdida Estado de daño No para préstamo Biblioteca de origen Biblioteca actual Ubicación en estantería Fecha de adquisición Fuente de adquisición Total de préstamos Signatura topográfica completa Código de barras Visto por última vez Precio de reemplazo Tipo de ítem Koha
        Biblioteca del Ateneo de Madrid Biblioteca del Ateneo de Madrid Sala Pecera Planta 1 17/01/2008     A-1713 1028449 23/02/2023 23/02/2023 Libro impreso